| 000 | 01229nam1a22002651 4500 | ||
|---|---|---|---|
| 001 | rc\89700 | ||
| 005 | 20021216131934.4 | ||
| 010 | _a5-85094-047-2 | ||
| 035 | _a(NLR Aleph) 005391894 | ||
| 090 |
_a7194115 _c7194115 |
||
| 100 | _a20021216d1995 u |0rusy50 ca | ||
| 101 | 0 | _arus | |
| 102 | _aRU | ||
| 105 | _ay ||||||||| | ||
| 200 | 1 |
_aРазвитие творческой личности педагога в учебно-профессиональной деятельности _eТез. докл. и сообщ. Междунар. межвуз. науч.-практ. конф., 14-15 дек. 1994 г. _f[Редкол.: А.А. Шумейко, к. п. н., проф. и др.] |
|
| 210 |
_aКомсомольск-на-Амуре _cИзд-во КГПИ _d1995 |
||
| 215 | _d20 | ||
| 300 | _aВ надзаг.: М-во образования Рос. Федерации. Комс.-на-Амуре гос. пед. ин-т | ||
| 702 | 1 |
_aШумейко _bА. А. _gАлександр Александрович _4340 |
|
| 712 | 0 | 2 |
_aКомсомольский-на-Амуре пед. ин-т _3RU\NLR\AUTH\889928965 |
| 801 | 0 |
_aRU _bNLR _gpsbo |
|
| 801 | 1 |
_aRU _bELAR _2rusmarc |
|
| 852 |
_aNLR _j95-3/9077 |
||
| 942 | _cBOOK | ||
| 980 | _aNB | ||